000 00205 a2200097 4500
020 _a9781452102030
041 _aeng
100 _aRoseanne Greenfield Thog
245 _aGreen is a Chile Pepper
942 _cBK
999 _c14465
_d14465